<?xml version="1.0" encoding="UTF-8"?><?xml-stylesheet type="text/xsl" href="static/style.xsl"?><OAI-PMH xmlns="http://www.openarchives.org/OAI/2.0/" xmlns:xsi="http://www.w3.org/2001/XMLSchema-instance" xsi:schemaLocation="http://www.openarchives.org/OAI/2.0/ http://www.openarchives.org/OAI/2.0/OAI-PMH.xsd"><responseDate>2026-04-17T00:57:36Z</responseDate><request verb="GetRecord" identifier="oai:www.recercat.cat:20.500.14342/932" metadataPrefix="marc">https://recercat.cat/oai/request</request><GetRecord><record><header><identifier>oai:recercat.cat:20.500.14342/932</identifier><datestamp>2025-03-10T20:05:23Z</datestamp><setSpec>com_2072_482405</setSpec><setSpec>com_2072_183628</setSpec><setSpec>col_2072_482412</setSpec></header><metadata><record xmlns="http://www.loc.gov/MARC21/slim" xmlns:dcterms="http://purl.org/dc/terms/" xmlns:xsi="http://www.w3.org/2001/XMLSchema-instance" xmlns:doc="http://www.lyncode.com/xoai" xsi:schemaLocation="http://www.loc.gov/MARC21/slim http://www.loc.gov/standards/marcxml/schema/MARC21slim.xsd">
   <leader>00925njm 22002777a 4500</leader>
   <datafield ind2=" " ind1=" " tag="042">
      <subfield code="a">dc</subfield>
   </datafield>
   <datafield ind2=" " ind1=" " tag="720">
      <subfield code="a">Gómez Ubiergo, Mercè</subfield>
      <subfield code="e">author</subfield>
   </datafield>
   <datafield ind2=" " ind1=" " tag="260">
      <subfield code="c">2009-04-10</subfield>
   </datafield>
   <datafield ind2=" " ind1=" " tag="520">
      <subfield code="a">Labour insertion is a process of educational intervention for the progressive leaming of personal habits, social skills, basic,
professional and interdisciplinary competences for developing a vocation to lead a person to social inclusion and an
independelll life. Labour insertion trough competences is proposed as a method of intervention. A review is made of the
competences required by workers in labour insertion responsible for this intervention, and whose support is needed as various times when making decisions on the career paths of people wi/h difficulties in finding work.</subfield>
   </datafield>
   <datafield ind2=" " ind1=" " tag="520">
      <subfield code="a">La inserción laboral es un proceso de intervención edu cativa como un proceso de aprendizaje progresivo de hábitos personales, de habilidades sociales, de compe/encias básicas, profesionales y transversales para el desarrollo de una ocupación que tiene que conducir a la persona a la integración social y a una vida autónoma. La inserción laboral por competencias se propone como metodología de intervención. Se hace una revisión de las competencias necesarias de los profesionales de la inserción laboral encargados de esta intervención y que acompañan en los diferetes momentos de toma de decisiones sobre el itinerario profesional de las personas con dificultades de inserción laboral.</subfield>
   </datafield>
   <datafield ind2=" " ind1=" " tag="520">
      <subfield code="a">La inserció laboral és un procés d' intervenció educati va, com un procés d'aprenentatge progressiu d 'habits personals, d 'habi litats socials, de competencies bas iques, professionals i transversals per al desenvolupament d' una ocupació que ha de portar la persona a la integració social i a una vida autonoma. La inserció laboral per competenc ies es proposa com a metodologia d' intervenc ió. Es fa una revisió de les competenc ies necessaries deis professionals de la inserció laboral encarregats d' aquesta intervenció i que acompanyen en els diferents moments de presa de decisions sobre I' itinerari professional de les persones amb dificultats d' inserc ió laboral.</subfield>
   </datafield>
   <datafield ind1="8" ind2=" " tag="024">
      <subfield code="a">http://hdl.handle.net/20.500.14342/932</subfield>
   </datafield>
   <datafield tag="653" ind2=" " ind1=" ">
      <subfield code="a">Inserció laboral</subfield>
   </datafield>
   <datafield tag="653" ind2=" " ind1=" ">
      <subfield code="a">Competències professionals</subfield>
   </datafield>
   <datafield ind2="0" ind1="0" tag="245">
      <subfield code="a">La intervenció educativa en el procés d'inserció laboral</subfield>
   </datafield>
</record></metadata></record></GetRecord></OAI-PMH>